000 00522nam a22002057a 4500
999 _c10029
_d10029
001 10029
003 OSt
005 20180404175702.0
008 180404b1964 bg ||||| |||| 00| 0 eng d
035 _a(BD-JhCC)10029
040 _aBD-JhCC
_dBD-JhCC
041 _aeng
082 _a382.00
_bKHU 1964
100 _91
245 _aPrinciples of Commerce /
_c A.K.M. Tafazzal Hossain Khundker
300 _a256 p. :
_c18 cm.
650 _aComerce
942 _2ddc
_cBK